Fond ochrany vkladov a jeho postavenie v konkurznom konaní

Na základe zákona č. 118/1996 Z.z. o ochrane vkladov a o zmene a doplnení niektorých zákonov bol vytvorený Fond ochrany vkladov, ktorého cieľom je sústreďovať a spravovať peňažné príspevky bánk a pobočiek zahraničných bánk na poskytovanie náhrad za vklady fyzických osôb uložené v bankách a v pobočká...

Descrizione completa

Salvato in:
Dettagli Bibliografici
Autore principale: Gavalec, Miroslav
Natura: Capitolo di libro
Lingua:slovacco
Soggetti:
Tags: Aggiungi Tag
Nessun Tag, puoi essere il primo ad aggiungerne!!

MARC

LEADER 00000naa a2200000 4500
001 r040370
005 20230824110009.1
041 0 |a slo 
044 |a SK 
245 1 0 |a Fond ochrany vkladov a jeho postavenie v konkurznom konaní  |c Miroslav Gavalec 
520 |a Na základe zákona č. 118/1996 Z.z. o ochrane vkladov a o zmene a doplnení niektorých zákonov bol vytvorený Fond ochrany vkladov, ktorého cieľom je sústreďovať a spravovať peňažné príspevky bánk a pobočiek zahraničných bánk na poskytovanie náhrad za vklady fyzických osôb uložené v bankách a v pobočkách zahraničných bánk a nakladať s nimi v súlade s uvedeným zákonom. 
610 2 0 |a ochrana právna 
610 2 0 |a ochrana vkladov 
610 2 0 |a konkurzy 
610 2 0 |a fondy finančné 
610 2 0 |a fondy účelové 
610 2 0 |a vklady 
610 2 0 |a banky 
610 2 0 |a zákony 
610 2 0 |a Slovensko 
610 2 0 |a Fond ochrany vkladov 
100 1 |a Gavalec, Miroslav